| 000 | 00000cam 2200000zi 4500 |
| 001 | 9.962184 |
| 003 | CaOODSP |
| 005 | 20260511085830 |
| 006 | m o d f |
| 007 | cr cn |||||||| |
| 008 | 260424t20262026onca o f000 0 fre d |
| 020 | |a9780660997063 |
| 040 | |aCaOODSP|bfre|erda|cCaOODSP |
| 043 | |an-cn--- |
| 086 | 1 |aPS64-274/2026F-PDF |
| 245 | 00|aS'agit-il d'un cybercrime? |
| 264 | 1|a[Ottawa] : |bGendarmerie royale du Canada = Royal Canadian Mounted Police, |c[2026] |
| 264 | 4|c©2026 |
| 300 | |a1 ressource en ligne (1 page non numérotée) : |billustrations |
| 336 | |atexte|btxt|2rdacontent/fre |
| 337 | |ainformatique|bc|2rdamedia/fre |
| 338 | |aressource en ligne|bcr|2rdacarrier/fre |
| 500 | |aTitre de départ. |
| 500 | |aPublié aussi en anglais sous le titre : Is this a cybercrime? |
| 520 | |a« On parle de cybercrime lorsqu'un ordinateur ou une technologie numérique joue un rôle important dans la perpétration d'une infraction criminelle. Le Code criminel du Canada énonce les dispositions législatives qui s'appliquent aux crimes de ce genre » -- Page [1]. |
| 610 | 16|aCanada. |tCode criminel. |
| 650 | 6|aCriminalité informatique|zCanada. |
| 655 | 7|aInfographies|2rvmgf |
| 710 | 2 |aGendarmerie royale du Canada, |eorganisme de publication. |
| 775 | 08|tIs this a cybercrime?|w(CaOODSP)9.962183 |
| 856 | 40|qPDF|s1.38 Mo|uhttps://publications.gc.ca/collections/collection_2026/grc-rcmp/PS64-274-2026-fra.pdf |
| 856 | 4 |qHTML|sS.O.|uhttps://grc.ca/fr/cyberchoix/sagit-il-dun-cybercrime |